Plus Beaux Villages de France par images #4 - Statistiques

Statistiques générales
  • Ce quiz a été pris 17 fois
  • Le résultat moyen est 2 sur 16
Statistiques - réponses
Par images Hint Réponse % Correct
Cantal (15) Salers
50%
Dordogne (24) La Roque-Gageac
42%
Savoie (73) Bonneval-sur-Arc
33%
Morbihan (56) Rochefort-en-Terre
25%
Eure (27) Lyons-la-Forêt
17%
Pyrénées-Orientales (66) Prats-de-Mollo-la-Preste
17%
Lot-et-Garonne (47) Villeréal
17%
Aveyron (12) Brousse-le-Château
8%
Ariège (09) Camon
8%
Indre (36) Gargilesse-Dampierre
8%
Vaucluse (84) Lourmarin
8%
Tarn-et-Garonne (82) Auvillar
0%
Drôme (26) Châtillon-en-Diois
0%
Pyrénées-Atlantiques (64) Navarrenx
0%
Moselle (57) Saint-Quirin
0%
Haute-Corse (2B) Sant'Antonino
0%
Aucun quiz correspondant
Distribution des résultats
% des personnes avec chaque résultat
Percentile par nombre de réponses
Votre historique - résultats
Vous n’avez pas pris ce quiz